عرض عادي
عرض مارك
- Biodegradation, Environmental.
مدخل مصطلح موضوعي
001 - رقم الضبط
- حقل الضبط: 18741
003 - معرف رقم الضبط
- حقل الضبط: OSt
005 - تاريخ ووقت أخر عملية
- حقل الضبط: 20121226212354.0
008 - عناصر بيانات ثابتة الطول
- حقل تحكم ثابت الطول: 121226|||a|||||| | ||| d
040 ## - مصدر الفهرسة
- هيئة الفهرسة الأصلية: OSt
- وكالة الكتابة: OSt
150 ## - مدخل-- مصطلح تاريخي
- عنصر مدخل المصطلح الموضوعي او الاسم الجغرافي: Biodegradation, Environmental.
670 ## - بيانات المصدر موجوده
- الاستشهاد بالمصدر: Work cat.: (OSt)0: Bioremediation :, c2010.
